Łatwy Quiz o piłce nożnej - Statystyki

Ogólne statystyki
  • Ten quiz został rozwiązany 49 razy
  • Średni wynik to 12 z 20
Statystyki odpowiedzi
Hint Odpowiedź % Poprawnych
galácticos, Bernabéu, królewscy, Champions League, dominacja Real Madryt
94%
tiki-taka, La Masia, Messi, Camp Nou, Blaugrana FC Barcelona
91%
Czerwone Diabły, Old Trafford, Sir Alex, legenda, Premier League Manchester United
88%
Rossoneri, Maldini, San Siro, nostalgia, renesans AC Milan
82%
Stara Dama, Serie A, defensywa, Ronaldo, pasy Juventus
82%
You'll Never Walk Alone, Anfield, historia, pressing, Klopp Liverpool
82%
Bundesliga, mistrzowie, konsekwencja, Lewandowski, dominacja Bayern Monachium
79%
Stamford Bridge, Abramowicz, The Blues, Londyn, stabilność Chelsea
73%
Nerazzurri, Mourinho, treble, Lukaku, pasja Inter Mediolan
70%
Kanonierzy, Wenger, piękna gra, Emirates, niewykorzystany potencjał Arsenal
67%
Neymar, Mbappé, bogactwo, dominacja, Ligue 1 PSG
67%
Żółto-czarni, młodzież, pasja, Signal Iduna Park, atak Borussia Dortmund
64%
Simeone, walka, defensywa, nieustępliwość, Wanda Metropolitano Atletico Madryt
55%
akademia, Cruyff, ofensywa, młodość, historia Ajax Amsterdam
42%
Guardiola, petrodolary, dominacja, styl, rewolucja Manchester City
42%
Maradona, pasja, południe, ofensywa, San Paolo Napoli
36%
Koguty, Kane, Londyn, nowy stadion, niespełnienie Tottenham Hotspur
33%
Totti, Koloseum, emocje, rzymskie derby, miłość AS Roma
30%
Liga Europy, Hiszpania, waleczność, talent, Monchi Sevilla
27%
nowoczesność, pressing, rozwój, młodzież, kontrowersje RB Lipsk
3%
Nie znaleziono quizów pasujących do podanych kryteriów
Rozkład punktacji
Procent ludzi z każdym wynikiem
Percentyl według liczby udzielonych odpowiedzi
Twoja historia wyników
Nie rozwiązałeś tego quizu